[Event "Kremennaya Barbashova Memorial"]
[Site "Kremennaya"]
[Date "2017.06.27"]
[Round "9"]
[White "Kotliar, Alexey"]
[Black "Koveshnikov, Igor"]
[Result "1-0"]
[WhiteElo "2261"]
[BlackElo "2006"]
[PlyCount "89"]
[EventDate "2017.06.23"]
[EventType "tourn"]
[EventRounds "11"]
[EventCountry "UKR"]
[EventCategory "1"]
[SourceTitle "EXT 2018"]
[Source "ChessBase"]
[SourceDate "2017.10.13"]
[SourceVersion "1"]
[SourceVersionDate "2017.10.13"]
[SourceQuality "1"]

1. e4 c5 2. Nf3 d6 3. d4 cxd4 4. Nxd4 Nf6 5. Nc3 g6 6. Be3 Bg7 7. f3 0-0 8. Qd2 Nc6 9. Bc4 Bd7 10. 0-0-0 Rb8 11. h4 b5 12. Bb3 Na5 13. Kb1 h5 14. g4 e5 15. Nde2 hxg4 16. h5 Nxh5 17. Rdg1 Nc4 18. Bxc4 bxc4 19. fxg4 Nf6 20. g5 Ng4 21. Nd5 Be6 22. Nec3 Rb7 23. Ka1 f6 24. gxf6 Bxf6 25. Nxf6+ Rxf6 26. Bg5 Qb6 27. Na4 Rf2 28. Nxb6 Rxd2 29. Bxd2 axb6 30. Rh4 Rh7 31. Rxh7 Kxh7 32. Bb4 g5 33. a4 Ne3 34. c3 Kg6 35. Bxd6 Ng4 36. Ka2 Bc8 37. Be7 Nf6 38. Bxf6 Kxf6 39. Ka3 g4 40. Kb4 Kg5 41. Kxc4 Bd7 42. Kd5 Kf4 43. b3 g3 44. c4 Kf3 45. Kxe5 1-0